000 01011nam a2200313 i 4500
001 000042046
003 DO-SdBNP
005 20240412074301.0
007 ta
008 130308s2012 dr 000 j spa d
020 _a999349190x
040 _aDO-SdBNP
_bspa
_cBNPHU
_erda
082 4 _aRD863.44
_bP192c, 2012
_222
100 1 _aPaniagua, Edwin,
_912152
_eautor
245 1 3 _aLa consulta /
_cEdwin Paniagua ; prólogo, Federico Fernández.
250 _aSegunda edición
264 _aSanto Domingo :
_bArgos,
_c2012.
300 _a103 páginas ;
_c22 cm.
336 _2rdacontent
_atexto
_btxt
337 _2rdamedia
_asin mediación
_bn
338 _2rdacarrier
_avolumen
_bnc
500 _aIncluye datos biografícos del autor en la solapa de la cubierta
590 _aInventariado, 2020/MAA
650 0 _aCuentos dominicanos
_9176
650 0 _aLiteratura dominicana.
_967
700 1 _aFernández, Federico,
_eprólogo
_984728
910 _aValidado. Control de calidad MFF
942 _2ddc
_cLBS1
999 _c41535
_d41535